Research Methodology in Nursing (Record no. 772)

MARC details
000 -LEADER
Fixed length control field 00578nam a2200217Ia 4500
003 - CONTROL NUMBER IDENTIFIER
Control field IIN
005 - DATE AND TIME OF LATEST TRANSACTION
Control field 20251125124151.0
008 - FIXED-LENGTH DATA ELEMENTS--GENERAL INFORMATION
Fixed length control field 231217s9999 xx 000 0 und d
020 ## - INTERNATIONAL STANDARD BOOK NUMBER / ISBN
Price Rs.450.00
International Standard Book Number 9789350251119
040 ## - CATALOGING SOURCE
Original cataloging agency IIN
Language of cataloging English
082 ## - DEWEY DECIMAL CLASSIFICATION NUMBER
Classification number 610.73072
Book Number NIR
100 1# - MAIN ENTRY--PERSONAL NAME
Personal name Nirmala, V
245 1# - TITLE STATEMENT
Title Research Methodology in Nursing
Statement of responsibility Nirmala V, J Silvia Edison and Suni M.S
260 ## - IMPRINT
Name of publisher Jaypee
Place of publication Kochi
Date of publication 2011
300 ## - PHYSICAL DESCRIPTION
Page / Vol. No xiii, 192 p.
650 1# - SUBJECT ADDED ENTRY--TOPICAL TERM
Topical term Research
650 1# - SUBJECT ADDED ENTRY--TOPICAL TERM
Topical term Research Methodology
700 1# - ADDED ENTRY--PERSONAL NAME
Personal name Edison, J Silvia
700 1# - ADDED ENTRY--PERSONAL NAME
Personal name Suni, M.S
942 ## - ADDED ENTRY ELEMENTS (KOHA)
Koha item type Books
Holdings
Withdrawn status Lost status Source of classification Damaged status Not for loan Collection code Home library Current library Date acquired Price Total Checkouts Call number Accession number Date last seen Price effective from Koha item type Shelving location
    Dewey Decimal Classification       IDEAL INSTITUTE OF NURSING IDEAL INSTITUTE OF NURSING 17/12/2023 450.00   610.73072 NIR 767 17/12/2023 17/12/2023 Books  
    Dewey Decimal Classification     Purches Book IDEAL INSTITUTE OF NURSING IDEAL INSTITUTE OF NURSING 11/03/2025 550.00   610.73072 NIR 1846 03/04/2025 03/04/2025 Books General Stacks
© Ideal Institute Of Nursing, All rights reserved.         Powered by Koha